| 000 | 00546nam a2200205Ia 4500 | ||
|---|---|---|---|
| 003 | OSt | ||
| 005 | 20230502113748.0 | ||
| 008 | 210423s2012 xx 000 0 und d | ||
| 020 | _a9789381335246 | ||
| 040 | _cAL | ||
| 041 | _aeng | ||
| 082 |
_a658.11 _223 _b KUMA |
||
| 100 |
_aKUMAR (Anil). _995896 |
||
| 245 | _aCorporate governance: theory and practice. | ||
| 260 |
_aNew Delhi _bInternational Book House _c2012 |
||
| 300 |
_a340 _bPB |
||
| 365 |
_b345 _cINR |
||
| 906 | _aCorporate ; governance: ; practice. ; theory | ||
| 942 |
_2ddc _cBK |
||
| 999 |
_c161433 _d161433 |
||